| 000 | 00652nam a2200193 a 4500 | ||
|---|---|---|---|
| 001 | 15927 | ||
| 003 | CO-ViMGA | ||
| 008 | 141112s2004 ck r 000 u spa d | ||
| 040 |
_aCO-ViMGA _bspa _cCO-ViMGA |
||
| 082 | 0 | 4 | _a342.8601 C656p |
| 100 | 1 | _aColombia.Presidencia de la República, | |
| 245 | 1 | 0 | _aPara responder a los grandes desafíos |
| 260 |
_aBogotá, _cPresidencia de la República, _c1996 |
||
| 300 | _a45.p. | ||
| 590 |
_aForma de adquisición : Donación Biblioteca Nacional 2003 - - Precio : _10.000 |
||
| 650 | 1 | 4 |
_aDERECHO CONSTITUCIONAL - COLOMBIA _922850 |
| 650 | 1 | 4 |
_aREFORMAS CONSTITUCIONALES - COLOMBIA _922851 |
| 942 |
_2ddc _cBK |
||
| 999 |
_c25930 _d25930 |
||